Human-computer interaction / (Record no. 2147)
[ view plain ]
| 000 -LEADER | |
|---|---|
| fixed length control field | 00638nac a22001811u 4500 |
| 020 ## - INTERNATIONAL STANDARD BOOK NUMBER | |
| International Standard Book Number | 1844804542 |
| 082 ## - DEWEY DECIMAL CLASSIFICATION NUMBER | |
| Classification number | 004.019 |
| Item number | Sm519 |
| 090 ## - LOCALLY ASSIGNED LC-TYPE CALL NUMBER (OCLC); LOCAL CALL NUMBER (OCLC) | |
| -- | 2147 |
| -- | 2147 |
| 100 ## - MAIN ENTRY--PERSONAL NAME | |
| Personal name | Smith-Atakan Serengul |
| 245 ## - TITLE STATEMENT | |
| Title | Human-computer interaction / |
| Statement of responsibility, etc | Serengul Smith-Atakan |
| 260 ## - PUBLICATION, DISTRIBUTION, ETC. (IMPRINT) | |
| Place of publication, distribution, etc | London : |
| Name of publisher, distributor, etc | Thomson ,2006 |
| Date of publication, distribution, etc | 2006. |
| 300 ## - PHYSICAL DESCRIPTION | |
| Extent | xiv,204 p. : |
| Other physical details | ill. ; |
| Dimensions | 22 cm. |
| 440 ## - | |
| -- | The FASTTRACK Series |
| 500 ## - GENERAL NOTE | |
| General note | Includes index |
| 650 ## - SUBJECT ADDED ENTRY--TOPICAL TERM | |
| Topical term or geographic name as entry element | Human computer interaction |
| 942 ## - ADDED ENTRY ELEMENTS (KOHA) | |
| Item type | Book - Borrowing |
| Call number prefix | 004.019 Sm519 |
| Withdrawn status | Item status | Damaged status | Not for loan | Home library | Current library | Shelving location | Date acquired | Source of acquisition | Total Checkouts | Total Renewals | Full call number | Barcode | Date last seen | Date last borrowed | Cost, replacement price | Koha item type |
|---|---|---|---|---|---|---|---|---|---|---|---|---|---|---|---|---|
| Central Library | Central Library | Lower Floor | 07/02/2012 | Purchase | 1 | 4 | 004.019 SMI | 000002122 | 15/07/2025 | 30/03/2014 | 165.00 | Book - Borrowing |